01182nam a22002532a 450000100060000000300080000600500170001400800410003103500190007204000370009104100080012808200220013624501700015826000520032830000420038050400280042265100420045070000370049271000910052994200120062099900170063295201400064995201390078922225BD-RjUL20211209000800.0500101s1955 enk 001 0 eng u a(BD-RjUL)22290 aCSUdOCLdUKMdEQObengcBD-RjUL aeng a309.156bSOC 196810aSocial forces in the Middle East. /c[Papers presented at a conference sponsored by the Committee on the Near and Middle East of the Social Science Research Council] aIthaca, N.Y :bCornell University Press,c1968. axvi,282p. :bmaps(part fold.);c24cm. aBibliography: p.263-274 0aMiddle EastxSocial conditions968606 aFisher, Sydney Nettleton,9686072 aSocial Science Research Council (U.S.).bCommittee on the Near and Middle East.968608 2ddccBK c22225d22225 00102ddc40708NFICaRUCLbRUCLcReadingd1970-03-06eZeitlingerg0.00l0o309.156 SOC 1968r2014-03-06 00:00:00tC-3w2014-03-06yBK 00102ddc40708NFICaRUCLbRUCLcReadingd1958-02-22eMokarramg30.00l0o309.156 SOC 1968r2014-03-24 00:00:00tC-2w2014-03-24yBK